|
|
แสดงรายละเอียดบรรณานุกรม |
|
|
Brief Record
: Get Marc (ISO 2709)
: E-mail record
: |
| LEADER 00000nama 2200000uu 4500 | |||
| 001 194998 | |||
| 003 ULIBM | |||
| 008 040531s1978 th m m a000 0 tha d | |||
| 020 0-19-502257-2 | |||
| 041 eng | |||
| 050 QS4 w884e7 1978 | |||
| 100 Woodbume,Russell Thomas,1904-. | |||
| 245 Essentials of human anatomy. | |||
| 250 7th. | |||
| 260 Newyork Oxford University. 1978 | |||
| 300 viii,632p. | |||
| 600 Anatomy. | |||
| 650 Anatomy,Human. | |||
| 995 001 | |||
| คุณยังไม่ได้ล็อกอิน คุณสามารถมีกิจกรรมร่วมกับเว็บไซต์ได้ แต่ต้องล็อกอินก่อน :: |
|
| สถานะ | |||||||||
| 1. | หนังสือทั่วไป สถานะ=อยู่บนชั้นแสดงหนังสือ | QS4 w884e7 1978 | On Shelf ขอยืม | ||||||
| [แสดง 1/1 รายการ] | |||||||||
BibComment |
| คอมเมนท์ทรัพยากรรายการนี้ |
|
|